| 000 | 01228nam a2200301 i 4500 | ||
|---|---|---|---|
| 001 | 000016604 | ||
| 003 | DO-SdBNP | ||
| 005 | 20250128140426.0 | ||
| 007 | ta | ||
| 008 | 100308m19811986dr a 000 0 spa d | ||
| 040 |
_aDO-SdBNP _bspa _cBNPHU _erda |
||
| 082 | 4 |
_axxxx _bE24p _222 |
|
| 110 | 1 |
_aRepública Dominicana. _bSecretaría de Estado de Educación, Bellas Artes y Cultos _923965 |
|
| 245 | 1 | 0 |
_aEducación en población para maestros de nivel primario / _cAntolín Santana S., Altagracia Díaz de De Jesús, Jorge Chaves R. |
| 250 | _aEdición corregida y actualizada | ||
| 264 | 1 |
_aSanto Domingo : _bEditora Alfa y Omega, _c1986. |
|
| 300 |
_a55 páginas : _bIlustraciones ; _c24 cm. |
||
| 336 |
_atexto _btxt _2rdacontent |
||
| 337 |
_asin mediación _bn _2rdamedia |
||
| 338 |
_avolulmen _bnc _2rdacarrier |
||
| 504 | _aBibliografía : página 55 | ||
| 505 |
_aIntroducción-- _t1.- Educación en Población.-- _t2.- La Población Dominicana.-- _t3.- Educación Familiar.-- _t3.- Educación Sexual.-- _tEducación Ambiental. |
||
| 590 | _aInventariado 2023 / MF | ||
| 700 | 1 |
_aSantana S. Antolín, _984325 |
|
| 700 | 1 |
_aDías de De Jesús, Altagracia _984326 |
|
| 700 | 1 |
_aChevez R., Jorge _984327 |
|
| 942 |
_2ddc _cLF2 |
||
| 999 |
_c16137 _d16137 |
||